| 000 | 00576nam a22001937a 4500 | ||
|---|---|---|---|
| 003 | OSt | ||
| 005 | 20140310182022.0 | ||
| 008 | 130801t xxu||||| |||| 00| 0 eng d | ||
| 020 | _a9770119051200 | ||
| 050 |
_aBS 491.5 _b.C199 1999 |
||
| 082 |
_aTR 242 _bCa15 1999 |
||
| 110 |
_aRBC Ministries _97179 |
||
| 245 |
_aCampus journal wisdom for life : _bOur daily bread for students January - December / |
||
| 260 |
_aMetro Manila, Philippines : _bRBC Ministries, _c1999. |
||
| 300 |
_a270 p. ; _c16 cm. |
||
| 650 |
_aDaily readings _97180 |
||
| 942 |
_2lcc _cBK-TR |
||
| 999 |
_c8389 _d8389 |
||